000 00399nam a2200157 i 4500
001 58407
003 ES-MaACL
005 20230906163812.0
007 t|
008 031022s1917 fr ||||1| fre d
100 1 _aDugard, Henry.
_945923
245 1 3 _aLe maroc de 1917 /
_cHenry Dugard.
260 _aParis :
_b[s.n.,
_c1917] (
_fDurand)
300 _a246 p. ;
_c19 cm.
852 _aES-MaACL
_jF-6703
999 _c58407
_d58407